Silent Creed. #2 / Alex Kava.
Available copies
- 4 of 4 copies available at LARL/NWRL Consortium.
Current holds
0 current holds with 4 total copies.
Show Only Available Copies
| Location | Call Number / Copy Notes | Barcode | Shelving Location | Status | Due Date |
|---|---|---|---|---|---|
| Greenbush Public Library | KAV (Text) | 35500005669716 | Main | Available | - |
| Hallock Public Library | KAV (Text) | 35500005669633 | Main | Available | - |
| Red Lake Falls Public Library | KAV (Text) | 35500005669708 | Main | Available | - |
| Warroad Public Library | KAV (Text) | 35500005669625 | Main | Available | - |
Record details
- ISBN: 9780399170775 (hardcover)
- ISBN: 0399170774 (hardcover)
- Physical Description: pages ; cm.
- Publisher: New York : G.P. Putnam's Sons, [2015]
Content descriptions
| Summary, etc.: | "Ryder Creed and his K9 search-and-rescue dogs ... Read More |
Search for related items by subject
| Genre: | Suspense fiction. Mystery fiction. |
Search for related items by series
| LDR | 04389cam a22006018i 4500 | ||
|---|---|---|---|
| 001 | 182854 | ||
| 003 | LARL_NWRL_CONSORTIUM | ||
| 005 | 20190927145317.0 | ||
| 008 | 150424s2015 nyu 000 1 eng | ||
| 020 | . | ‡a9780399170775 (hardcover) | |
| 020 | . | ‡a0399170774 (hardcover) | |
| 035 | . | ‡a(OCoLC)893895082 | |
| 042 | . | ‡apcc | |
| 043 | . | ‡an-us--- | |
| 082 | 0 | 0. | ‡a813/.54 ‡223 |
| 084 | . | ‡aFIC002000 ‡aFIC030000 ‡aFIC031000 ‡2bisacsh | |
| 100 | 1 | . | ‡aKava, Alex. ‡0(LARL_NWRL_CONSORTIUM)131306 |
| 245 | 1 | 0. | ‡aSilent Creed. ‡n#2 / ‡cAlex Kava. |
| 260 | . | ‡aNew York : ‡bG.P. Putnam's Sons, ‡c[2015] | |
| 300 | . | ‡apages ; cm. | |
| 336 | . | ‡atext ‡2rdacontent | |
| 337 | . | ‡aunmediated ‡2rdamedia | |
| 338 | . | ‡avolume ‡2rdacarrier | |
| 490 | 0 | . | ‡aRyder Creed ; ‡v2 |
| 520 | . | ‡a"Ryder Creed and his K9 search-and-rescue dogs return in the second installment of an exciting new series, teaming up once more with FBI profiler Maggie O'Dell in their riskiest case yet. When Ryder Creed responds to a devastating mudslide in North Carolina, he knows that the difference between finding survivors and the dead is time. He and his sturdiest search-and-rescue dog, Bolo, get to work immediately, but the scene is rife with danger: continued rainfall prevents the rescue teams from stabilizing the land; toxic household substances spread by the crushing slide fill the area with hazardous waste; and the detritus and debris are treacherous for both man and dog to navigate. But most perilous are the secrets hidden under the mud and sludge--secrets someone would kill to protect. For this is no ordinary rescue mission. Among the buildings consumed by the landslide was a top-secret government research facility, and Creed has been hired to find what's left of it. Then rescuers recover the body of a scientist from the facility who was obviously dead before the landslide--killed by a gunshot to the head. The FBI sends Agent Maggie O'Dell to investigate, and she and Creed are soon caught in a web of lies, secrets, and murder that may involve not only the government facility, but decades-old medical experiments that are the subject of current congressional hearings. As more bodies are found under even more unusual circumstances, they come ever closer to exposing the truth--but with unknown forces working against them, Maggie, Creed, and the dogs are running out of time"-- ‡cProvided by publisher. | |
| 650 | 0. | ‡aVeterans ‡zUnited States ‡vFiction. | |
| 650 | 0. | ‡aDog trainers ‡vFiction. ‡0(LARL_NWRL_CONSORTIUM)171967 | |
| 650 | 0. | ‡aSearch dogs ‡vFiction. | |
| 650 | 0. | ‡aSearch and rescue operations ‡vFiction. ‡0(LARL_NWRL_CONSORTIUM)174869 | |
| 650 | 0. | ‡aO'Dell, Maggie (Fictitious character) ‡vFiction. | |
| 650 | 0. | ‡aCriminal profilers ‡vFiction. ‡0(LARL_NWRL_CONSORTIUM)171741 | |
| 650 | 0. | ‡aConspiracies ‡vFiction. ‡0(LARL_NWRL_CONSORTIUM)164235 | |
| 650 | 7. | ‡aFICTION / Action & Adventure. ‡2bisacsh | |
| 650 | 7. | ‡aFICTION / Suspense. ‡2bisacsh | |
| 650 | 7. | ‡aFICTION / Thrillers. ‡2bisacsh | |
| 655 | 7. | ‡aSuspense fiction. ‡2gsafd | |
| 655 | 7. | ‡aMystery fiction. ‡2gsafd | |
| 901 | . | ‡a182854 ‡bOCLC ‡c182854 ‡tbiblio | |

Add to basket
Permalink
Enable Highlighting